Vplyv informačných technológií na zmeny marketingových stratégií

Využívanie informačných technológií a ich vplyv na marketing a obchodovanie. Elektronické obchodovanie a eEurope.

Saved in:
Bibliographic Details
Main Author: Mariaš, Miroslav
Other Authors: Dzurová, Mária
Format: Book Chapter
Language:Slovak
Subjects:
Tags: Add Tag
No Tags, Be the first to tag this record!

MARC

LEADER 00000naa$a2200000$$$4500
001 0047198
005 20240502071539.2
041 0 |a slo 
044 |a SK 
245 1 0 |a Vplyv informačných technológií na zmeny marketingových stratégií  |c Miroslav Mariaš, Mária Dzurová 
520 |a Využívanie informačných technológií a ich vplyv na marketing a obchodovanie. Elektronické obchodovanie a eEurope. 
610 2 0 |a marketing 
610 2 0 |a systémy informačné 
610 2 0 |a informácie 
610 2 0 |a obchod elektronický 
610 2 0 |a stratégia marketingová 
610 2 0 |a technológie informačné 
610 2 0 |a technológie komunikačné 
100 1 |a Mariaš, Miroslav 
700 1 |a Dzurová, Mária